LOCAL ANESTHESIA & PAIN CONTROL IN DENTAL PRACTICE (Record no. 4679)
[ view plain ]
| 000 -LEADER | |
|---|---|
| fixed length control field | 00394nam a2200145Ia 4500 |
| 008 - FIXED-LENGTH DATA ELEMENTS--GENERAL INFORMATION | |
| fixed length control field | 150201s2011 xx 000 0 und d |
| 082 ## - DEWEY DECIMAL CLASSIFICATION NUMBER | |
| Classification number | 617.525 |
| Item number | L2011B |
| 100 ## - MAIN ENTRY--PERSONAL NAME | |
| Personal name | BENNETT,C.R. |
| 245 ## - TITLE STATEMENT | |
| Title | LOCAL ANESTHESIA & PAIN CONTROL IN DENTAL PRACTICE |
| 250 ## - EDITION STATEMENT | |
| Edition statement | 7TH |
| 260 ## - PUBLICATION, DISTRIBUTION, ETC. (IMPRINT) | |
| Name of publisher, distributor, etc. | C.B.S PUBLISHERS & DISTRIBUTERS |
| Place of publication, distribution, etc. | DELHI |
| Date of publication, distribution, etc. | 2011 |
| 300 ## - PHYSICAL DESCRIPTION | |
| Extent | 1-404 |
| 650 ## - SUBJECT ADDED ENTRY--TOPICAL TERM | |
| Topical term or geographic name as entry element | ORAL SURGERY |
| 942 ## - ADDED ENTRY ELEMENTS (KOHA) | |
| Source of classification or shelving scheme | Dewey Decimal Classification |
| Koha item type | Books |
| Koha issues (borrowed), all copies | 79 |
| Withdrawn status | Lost status | Source of classification or shelving scheme | Damaged status | Not for loan | Home library | Current library | Date acquired | Source of acquisition | Cost, normal purchase price | Serial Enumeration / chronology | SGTU | Bill Number | Total Checkouts | Total Renewals | Full call number | Barcode | Date last seen | Date last checked out | Bill Date | Koha item type |
|---|---|---|---|---|---|---|---|---|---|---|---|---|---|---|---|---|---|---|---|---|
| Dewey Decimal Classification | SGT Dental Library | SGT Dental Library | 11/11/2011 | U.B.S.DELHI | 450.00 | 1 | SGTU | 514 | 61 | 2 | 617.525 L2011B | FD6519 | 02/07/2025 | 02/07/2025 | 07/06/2013 | Books | ||||
| Dewey Decimal Classification | SGT Dental Library | SGT Dental Library | 11/11/2011 | U.B.S.DELHI | 450.00 | 1 | SGTU | 514 | 57 | 1 | 617.525 L2011B | FD6520 | 27/08/2024 | 20/08/2024 | 07/06/2013 | Books | ||||
| Dewey Decimal Classification | SGT Dental Library | SGT Dental Library | 11/11/2011 | U.B.S.DELHI | 450.00 | 1 | SGTU | 514 | 59 | 617.525 L2011B | FD6521 | 10/08/2024 | 25/07/2024 | 07/06/2013 | Books | |||||
| Dewey Decimal Classification | SGT Dental Library | SGT Dental Library | 11/11/2011 | U.B.S.DELHI | 450.00 | 1 | SGTU | 514 | 75 | 1 | 617.525 L2011B | FD6522 | 11/03/2026 | 11/03/2026 | 07/06/2013 | Books |